000 00500nam a2200205Ia 4500
008 170918s9999 xx 000 0 und d
020 _a9780590414272
050 _bC689 1989
100 _aCole, Joanna
245 _aInside the human body /
245 _cJoanna Cole & Bruce Degen.
260 _aNew York :
260 _bScholastic,
260 _c1989
300 _a40 pages :
300 _bcolored illustration ;
300 _c21cm.
440 _aThe magic school bus.
500 _a520
999 _c341717
_d341717